| 000 | 00698nam a2200181Ia 4500 | ||
|---|---|---|---|
| 008 | 090123s9999 xx 000 0 und d | ||
| 082 |
_b1438 _a923.254/धर्माधिकारी |
||
| 100 | _aधर्माधिकारी भाऊ | ||
| 245 | _aगांधीजींचे जीवनदर्शन | ||
| 250 | _a1 | ||
| 260 |
_bआनंद मुद्रणालय _c1969 |
||
| 300 | _a80 | ||
| 600 | _aधर्माधिकारी भाऊ | ||
| 630 | _aगांधीजींचे जीवनदर्शन | ||
| 700 | _aधर्माधिकारी भाऊ | ||
| 730 | _aगांधीजींचे जीवनदर्शन | ||
| 942 | _cBOOK | ||
| 999 |
_c39520 _d39520 |
||